[Event "Sachsen-Anhalt-ch"]
[Site "Magdeburg"]
[Date "2021.10.28"]
[Round "1"]
[White "Haubold, Sebastian Marcel"]
[Black "Mertens, Fridolin"]
[Result "0-1"]
[WhiteElo "1884"]
[BlackElo "2139"]
[PlyCount "44"]
[EventDate "2021.10.28"]
[EventType "swiss"]
[EventRounds "7"]
[EventCountry "GER"]
[SourceTitle "CBM 205 Extra"]
[Source "ChessBase"]
[SourceDate "2022.01.31"]
[SourceVersion "1"]
[SourceVersionDate "2022.01.31"]
[SourceQuality "1"]

1. e4 g6 2. d4 Bg7 3. Nc3 d6 4. Bc4 a6 5. Bb3 b5 6. Qf3 e6 7. e5 c6 8. exd6 Qxd6 9. Bf4 Qb4 10. a3 Qa5 11. Qg3 b4 12. Bc7 Qf5 13. Qd6 Nd7 14. Qxc6 Ra7 15. Bb6 Ne7 16. Qd6 Rb7 17. Bc5 Nxc5 18. dxc5 bxc3 19. Ba4+ Bd7 20. c6 Qe4+ 21. Ne2 Bxc6 22. Rd1 0-0 0-1

[Event "Sachsen-Anhalt-ch"]
[Site "Magdeburg"]
[Date "2021.10.28"]
[Round "2"]
[White "Mertens, Fridolin"]
[Black "Malek, Daniel"]
[Result "1/2-1/2"]
[WhiteElo "2139"]
[BlackElo "2368"]
[PlyCount "127"]
[EventDate "2021.10.28"]
[EventType "swiss"]
[EventRounds "7"]
[EventCountry "GER"]
[SourceTitle "CBM 205 Extra"]
[Source "ChessBase"]
[SourceDate "2022.01.31"]
[SourceVersion "1"]
[SourceVersionDate "2022.01.31"]
[SourceQuality "1"]

1. e4 c6 2. c4 d5 3. exd5 cxd5 4. cxd5 Nf6 5. Nc3 Nxd5 6. Nf3 Nxc3 7. bxc3 g6 8. Bc4 Bg7 9. 0-0 0-0 10. Re1 Qc7 11. Bf1 Nc6 12. Ba3 Rd8 13. Qb3 e6 14. Rac1 b6 15. Qa4 Bb7 16. Qh4 Rd5 17. Ng5 h6 18. Ne4 Rad8 19. h3 Ra5 20. Bb4 Rxa2 21. Bc4 Raxd2 22. Nxd2 Rxd2 23. Rcd1 Qd7 24. Bb3 Nxb4 25. cxb4 Qc6 26. Qg3 Rb2 27. Rc1 Qxg2+ 28. Qxg2 Bxg2 29. Bxe6 fxe6 30. Kxg2 Bd4 31. Rxe6 Kf7 32. Rd6 Rxf2+ 33. Kh1 Bf6 34. Rc7+ Be7 35. Rxa7 b5 36. Rb6 Rf5 37. Rab7 Rf3 38. Kg2 Rb3 39. Rxb5 Ke6 40. R5b6+ Bd6 41. Rg7 Rg3+ 42. Kf2 Rg5 43. Ke3 Rg1 44. Kd4 Rd1+ 45. Kc4 Kf5 46. Kb5 Rd4 47. Ka5 g5 48. b5 h5 49. Rc6 g4 50. hxg4+ hxg4 51. b6 Rd1 52. b7 Ra1+ 53. Kb5 Rb1+ 54. Kc4 Rc1+ 55. Kd5 Rd1+ 56. Kc4 Rc1+ 57. Kb5 Rb1+ 58. Ka4 Be5 59. Rc5 Kf6 60. Rxg4 Rxb7 61. Rg2 Rb2 62. Rc6+ Kf5 63. Rg1 Bd4 64. Rd1 1/2-1/2

[Event "Oberliga Ost-A 1819"]
[Site "Germany"]
[Date "2019.03.23"]
[Round "8.7"]
[White "Mertens, Fridolin"]
[Black "Hoffmann, Hendrik"]
[Result "0-1"]
[WhiteElo "2110"]
[BlackElo "2265"]
[PlyCount "180"]
[EventDate "2018.10.21"]
[EventType "team-tourn"]
[EventRounds "11"]
[EventCountry "GER"]
[SourceTitle "EXT 2020"]
[Source "ChessBase"]
[SourceDate "2019.10.17"]
[SourceVersion "1"]
[SourceVersionDate "2019.10.17"]
[SourceQuality "1"]
[WhiteTeam "Loeberitz"]
[BlackTeam "Leipzig SG"]
[WhiteTeamCountry "GER"]
[BlackTeamCountry "GER"]

1. e4 d6 2. d4 Nf6 3. Nc3 g6 4. Nf3 Bg7 5. Be2 0-0 6. 0-0 a6 7. Re1 b5 8. e5 Ne8 9. a4 b4 10. Na2 a5 11. c3 bxc3 12. Nxc3 Nc6 13. Bf4 Nb4 14. Rc1 c6 15. Ng5 d5 16. Qd2 Nc7 17. h4 f6 18. Nf3 Bg4 19. Nh2 Bxe2 20. Rxe2 Qd7 21. Rce1 Ne6 22. exf6 Rxf6 23. Be5 Rf7 24. Ng4 Nf4 25. Bxf4 Qxg4 26. g3 Raf8 27. Be5 Bxe5 28. dxe5 Rf5 29. Nd1 Qf3 30. Re3 Qh5 31. Qe2 Qxe2 32. R1xe2 d4 33. Re4 c5 34. f4 h6 35. Nf2 g5 36. hxg5 hxg5 37. Nh3 gxf4 38. Rxf4 d3 39. Ref2 Rxf4 40. Nxf4 Rd8 41. Rd2 c4 42. Kf2 Nc6 43. e6 Nd4 44. Ke3 Rd6 45. Rd1 Nxe6 46. Nxe6 Rxe6+ 47. Kd4 Rc6 48. Kc3 e5 49. Re1 Rd6 50. Kd2 Rd5 51. Re4 Rc5 52. Re1 Kf7 53. b3 cxb3 54. Kxd3 Ke6 55. Rb1 Rd5+ 56. Ke3 Rd4 57. Rxb3 Rxa4 58. Kf3 Rb4 59. Ra3 a4 60. Ke2 Kd5 61. Rd3+ Rd4 62. Ra3 Kc5 63. Re3 Kd5 64. Ra3 Rb4 65. Kd2 Rg4 66. Re3 Re4 67. Ra3 Kc5 68. Kd3 Rg4 69. Kc2 Kb4 70. Re3 Rc4+ 71. Kb2 e4 72. g4 Kc5 73. g5 Kd4 74. Rg3 Rc7 75. g6 Rg7 76. Kc2 Ke5 77. Kd2 Kf4 78. Ra3 Rxg6 79. Rxa4 Kf3 80. Ra8 e3+ 81. Kd3 Rd6+ 82. Kc2 e2 83. Rf8+ Ke3 84. Re8+ Kf2 85. Rf8+ Ke1 86. Rc8 Rf6 87. Rh8 Kf2 88. Rh2+ Ke3 89. Rh3+ Rf3 90. Rh1 Rf1 0-1

[Event "Sachsen-Anhalt-ch 28th"]
[Site "Magdeburg"]
[Date "2018.05.10"]
[Round "1.1"]
[White "Stein, Robert"]
[Black "Mertens, Fridolin"]
[Result "1/2-1/2"]
[WhiteElo "2235"]
[BlackElo "2129"]
[PlyCount "142"]
[EventDate "2018.05.10"]
[EventType "tourn"]
[EventRounds "7"]
[EventCountry "GER"]
[SourceTitle "EXT 2019"]
[Source "ChessBase"]
[SourceDate "2018.10.10"]
[SourceVersion "1"]
[SourceVersionDate "2018.10.10"]
[SourceQuality "1"]

1. d4 Nf6 2. c4 e6 3. Nf3 b6 4. g3 Ba6 5. b3 Bb4+ 6. Bd2 Be7 7. Bg2 d5 8. cxd5 exd5 9. 0-0 0-0 10. Nc3 Bb7 11. Bf4 Nh5 12. Be3 Nd7 13. Qd3 c6 14. Rac1 Bd6 15. Ng5 Nhf6 16. Bf4 Qe7 17. Bxd6 Qxd6 18. e4 dxe4 19. Ncxe4 Nxe4 20. Nxe4 Qg6 21. f4 Nf6 22. Rfe1 Rad8 23. Rcd1 Bc8 24. Nxf6+ Qxf6 25. Qe4 Be6 26. Qe5 Qxe5 27. dxe5 c5 28. Be4 Bg4 29. Rd6 Rfe8 30. Kf2 Kf8 31. Rxd8 Rxd8 32. Ke3 Ke7 33. Bd3 h6 34. Rh1 Bh3 35. Rd1 Bf5 36. Rd2 Bxd3 37. Rxd3 Rc8 38. Ke4 c4 39. Rd1 cxb3 40. axb3 Rc2 41. h3 Re2+ 42. Kd4 Rh2 43. h4 Rc2 44. Rd3 Ke6 45. Ke4 Re2+ 46. Kf3 Rc2 47. Kg4 Rc6 48. h5 f6 49. exf6 Kxf6 50. Rd7 Rc3 51. b4 Rc4 52. b5 Rc5 53. Rxa7 Rxb5 54. Rc7 Rc5 55. Rb7 b5 56. Kh4 Rd5 57. g4 Rd4 58. Kg3 Rd3+ 59. Kf2 Rb3 60. Rb6+ Kf7 61. g5 hxg5 62. fxg5 Rh3 63. g6+ Ke7 64. Rxb5 Kf6 65. Kg2 Rc3 66. Rb8 Kg5 67. Rh8 Rc4 68. Rh7 Rh4 69. Rxg7 Rxh5 70. Rh7 Kxg6 71. Rxh5 Kxh5 1/2-1/2

[Event "Sachsen-Anhalt Verbandsliga 2017/18"]
[Site "Sachsen Anhalt"]
[Date "2017.12.10"]
[Round "3.1"]
[White "Mertens, Fridolin"]
[Black "Biastoch, Bennet"]
[Result "0-1"]
[WhiteElo "2137"]
[BlackElo "2120"]
[PlyCount "84"]
[EventDate "2017.12.22"]
[EventType "team-tourn"]
[EventRounds "9"]
[EventCountry "GER"]
[SourceTitle "EXT 2020"]
[Source "ChessBase"]
[SourceDate "2019.10.17"]
[SourceVersion "1"]
[SourceVersionDate "2019.10.17"]
[SourceQuality "1"]
[WhiteTeam "Loeberitz II"]
[BlackTeam "Magdeburg Aufbau Elbe II"]
[WhiteTeamCountry "GER"]
[BlackTeamCountry "GER"]

1. e4 c5 2. Nf3 Nc6 3. d4 cxd4 4. Nxd4 Qb6 5. Nb3 Nf6 6. Bd3 e6 7. 0-0 Be7 8. Nc3 a6 9. Be3 Qc7 10. f4 d6 11. Kh1 b5 12. Qf3 Bb7 13. Qh3 h5 14. Rae1 e5 15. Nd5 Nxd5 16. exd5 Nd8 17. Qg3 Bf6 18. Bd4 h4 19. Qf3 Ne6 20. fxe5 dxe5 21. Bxe5 Bxe5 22. Rxe5 0-0-0 23. Rf5 h3 24. Be4 hxg2+ 25. Qxg2 Rh4 26. Rxf7 Qe5 27. Rxb7 Rdh8 28. Kg1 Rg4 29. Rf8+ Kxb7 30. dxe6+ Qxe4 31. Nc5+ Kc6 32. Nxe4 Rxg2+ 33. Kxg2 Rxf8 34. Kg3 Kd5 35. Ng5 Kd6 36. Kg4 g6 37. h4 Rc8 38. c3 Rc4+ 39. Kg3 a5 40. Nf3 b4 41. e7 Kxe7 42. Ne5 bxc3 0-1